000 00886nam0a22002411 4500
001 rc\2803310
005 20250806210337.0
035 _a(NLR Aleph) 006929309
090 _a34409
_c34409
100 _a20110915d1944 u y0rusy50 ca
101 0 _arus
102 _aRU
105 _ay z |||||
200 1 _aПодготовка киномеханика 2-й категории звуковой кинопередвижки
_e(Учеб.-метод. документация)
_fКом-т по делам кинематографии при СНК СССР. Отдел кадров
210 _aМосква
_cГоскиноиздат
_d1944
215 _a33 с.
_d22 см.
801 0 _aRU
_bNLR
_gpsbo
801 1 _aRU
_bELAR
_2rusmarc
852 _aNLR
_j80-6/874
942 _cBOOK
945 _aРоссийская национальная библиотека
980 _aNB
980 _aBV